| 000 | 01088nam a2200265Ia 4500 | ||
|---|---|---|---|
| 008 | 130821s1989 ck gr spa | ||
| 040 |
_aCo-BoUCM _bspa |
||
| 041 | _aspa | ||
| 100 |
_aSafford, Frank _9154948 |
||
| 245 | 3 |
_aEl ideal de lo práctico el desafío de formar una élite técnica empresarial en Colombia _cFrank Safford. |
|
| 260 |
_aBogotá (Colombia) _bUniversidad Nacional _c1989 |
||
| 300 | _a[1 volumen] | ||
| 650 | 0 | 4 |
_aDesarrollo científico y tecnológico _zColombia _952102 |
| 650 | 0 | 4 |
_aDesarrollo social _zColombia _934454 |
| 650 | 0 | 4 |
_aEducación tecnológica _zColombia _913883 |
| 650 | 0 | 4 |
_aFormación profesional _xHistoria _zColombia _916048 |
| 650 | 0 | 4 |
_aIngeniería _xEnseñanza _xHistoria _zColombia _917607 |
| 650 | 0 | 4 |
_aSociología de la educación _924780 |
| 650 | 0 | 4 |
_aSociología _9386 |
| 710 |
_aUniversidad Nacional de Colombia _93820 |
||
| 765 | 4 | _tThe ideal of the practical : Colombia's struggle to form a technical elite. | |
| 830 |
_aBB_J_DFILO _931608 |
||
| 942 |
_cLIBRO _a5 _e1 _mS128i _2DEWEY _h303.483 |
||
| 999 |
_c2413 _d2413 |
||